00316cam a22001097a 4500008004000000082001700040100001900057245004700076260003700123300000900160700003700169180718b1961 xxu||||| |||| 00| 0 eng d aP975x54 In2n aKesavan, B. S. aIndia's National Librarycby B. S. Kesavan aCalcuttabNational Libraryc1961 a300p aIndia. National Library Calcutta